000
00261nam a22001217a 4500
008
210301b ||||| |||| 00| 0 eng d
041
_a
eng
080
_a
338
100
_a
53
101
_a
MEN
245
_a
Eupsychian Management
_c
Maslow,H.A
942
_2
udc
_c
BK
999
_c
55354
_d
55354